[Event "URS-ch U26"]
[Site "Minsk"]
[Date "1990.??.??"]
[Round "?"]
[White "Minasian, Artashes"]
[Black "Piskov, Yury"]
[Result "1-0"]
[WhiteElo "2480"]
[BlackElo "2445"]
[Annotator "Horn,Pe"]
[PlyCount "81"]
[EventDate "1990.01.??"]
[EventType "tourn"]
[EventRounds "13"]
[EventCountry "URS"]
[EventCategory "10"]
[SourceTitle "CBM 017"]
[Source "ChessBase"]
[SourceDate "1990.08.01"]
[SourceVersion "1"]
[SourceVersionDate "1990.08.01"]
[SourceQuality "1"]

1. b3 d6 2. Bb2 e5 3. e3 Nf6 4. Ne2 {N} Bf5 $6 {Der B spielt hier nur die
Rolle eines Angriffsobjekts} (4... g6 5. f4 Nbd7) 5. f4 Nc6 6. Ng3 Bg4 7. Be2
h5 $6 (7... Bxe2 8. Nxe2 g6) 8. O-O Qd7 $2 (8... Bxe2 9. Qxe2 g6) 9. h3 Bxe2 (
9... Bxh3 {geht leider überhaupt nicht} 10. gxh3 Qxh3 11. Rf3 $18 h4 (11... Ng4
12. Nf1) (11... e4 12. Nxe4) 12. Nf1) 10. Nxe2 O-O-O 11. c4 Be7 12. Nbc3 Qe6
13. e4 $16 {Weiß beherrscht das Zentrum.} Rdg8 14. d4 $16 exd4 15. Nxd4 Qd7 16.
Nxc6 Qxc6 17. Nd5 Bd8 18. Qd3 Nd7 19. b4 Kb8 20. Bd4 Re8 21. Bxg7 Rhg8 22. Bd4
h4 23. Rf3 Qa4 24. Rb1 Qxa2 25. Rf2 Rg3 26. Ne3 Qa4 27. Ra1 Qxb4 28. Rb2 Nc5
29. Qc2 Qxb2 30. Qxb2 Rxe4 31. Bxc5 dxc5 32. Qh8 Kc8 33. Rd1 Rd4 34. Rxd4 cxd4
35. Nf5 Rd3 36. Qe8 c6 37. Qxf7 Rd1+ 38. Kf2 Bc7 39. Qe6+ Kd8 40. Qe7+ Kc8 41.
Nd6+ 1-0

[Event "Dortmunder Schachtage-B 18th"]
[Site "Dortmund"]
[Date "1990.04.12"]
[Round "7"]
[White "Stein, Bernd"]
[Black "Knaak, Rainer"]
[Result "0-1"]
[WhiteElo "2415"]
[BlackElo "2500"]
[Annotator "Horn,Pe"]
[PlyCount "98"]
[EventDate "1990.04.05"]
[EventType "tourn"]
[EventRounds "11"]
[EventCountry "GER"]
[EventCategory "9"]
[SourceTitle "CBM 018"]
[Source "ChessBase"]
[SourceDate "1990.10.01"]
[SourceVersion "1"]
[SourceVersionDate "1990.10.01"]
[SourceQuality "1"]

1. b3 e5 2. Bb2 d6 3. c4 Nc6 4. Nf3 g6 5. d4 Bg7 6. dxe5 (6. d5) 6... Bg4 $5 (
6... Nxe5 7. Nxe5 Bxe5 8. Bxe5 dxe5 9. Qxd8+ Kxd8 $10) 7. Nc3 dxe5 8. h3 Bxf3
9. exf3 Nge7 10. Be2 (10. Bd3) 10... Nd4 11. O-O O-O 12. Re1 Qd7 13. Qd3 Rad8
14. Rad1 a6 15. Bf1 Qc8 16. Qb1 Rfe8 17. Qc1 Qf5 18. Ne4 Nec6 19. Bc3 a5 20.
Bd3 Qc8 21. c5 (21. Qg5 $6 h6 $1) (21. Qb2 $5 {/\ a3,b4}) 21... h6 22. Bc4 Qf5
23. a3 b5 $1 24. cxb6 cxb6 25. b4 axb4 26. axb4 b5 27. Bd3 (27. Ba2 $5) 27...
Qh5 28. f4 Qh4 29. fxe5 (29. Bxd4 Nxd4 30. fxe5 Bxe5 31. Nc5) 29... Nxe5 30.
Bb1 (30. Bf1 $2 Nef3+ 31. gxf3 Nxf3+ 32. Kg2 Rxd1 $19) 30... Nc4 31. Ng3 Rxe1+
32. Rxe1 Qf6 {/\ Nf3} 33. Ne4 Qc6 34. Nc5 Re8 35. Bd3 Rd8 36. Kh1 $6 Qd5 37.
Be4 Qh5 38. Qd1 Qh4 39. Kg1 Ne6 40. Qc2 Nd4 41. Bxd4 (41. Qd1 $5) 41... Bxd4
42. Bxg6 $2 (42. Re2 $15) 42... fxg6 43. Qxg6+ Bg7 44. Ne6 Qe7 45. Re4 Rd6 46.
f4 Qf7 47. Qg4 h5 48. Qe2 Nd2 49. Re3 Qa7 (49... Qa7 50. Kh1 (50. Kh2 Qxe3 51.
Qxe3 Nf1+ $19) (50. Nxg7 Qa1+ 51. Qe1 Nf3+ 52. gxf3 Rd1 $19) 50... Qa1+ 51. Qe1
Qxe1+ 52. Rxe1 Bc3 $19) 0-1

[Event "Dortmunder Schachtage-B 18th"]
[Site "Dortmund"]
[Date "1990.04.08"]
[Round "4"]
[White "Finegold, Benjamin"]
[Black "Polgar, Sofia"]
[Result "0-1"]
[WhiteElo "2445"]
[BlackElo "2410"]
[Annotator "Horn,Pe"]
[PlyCount "70"]
[EventDate "1990.04.05"]
[EventType "tourn"]
[EventRounds "11"]
[EventCountry "GER"]
[EventCategory "9"]
[SourceTitle "CBM 018"]
[Source "ChessBase"]
[SourceDate "1990.10.01"]
[SourceVersion "1"]
[SourceVersionDate "1990.10.01"]
[SourceQuality "1"]

1. b3 e5 2. Bb2 Nc6 3. e3 d5 4. Bb5 f6 (4... Bd6 {die Hauptfortsetzung}) 5. d4
(5. c4 dxc4 6. Nf3 cxb3 7. Qxb3 $146 {Keene}) 5... exd4 6. Qxd4 Bd6 7. Nf3 a6
8. Bxc6+ bxc6 9. c4 Nh6 (9... Ne7 $2 10. c5 Nf5 11. Qa4) 10. Nc3 Nf5 11. Qd3
Ne7 12. e4 dxc4 13. Qxc4 a5 14. e5 fxe5 15. Ng5 Rf8 16. O-O-O (16. Nxh7) 16...
h6 17. Nf3 (17. Ne6 Bxe6 18. Qxe6 Qd7) 17... Rf4 18. Ne4 Ba6 19. Qc2 Qb8 20.
Nxe5 (20. Bxe5 Bxe5 21. Nxe5 Qb4) 20... Bxe5 21. Bxe5 Rf7 22. Nc5 (22. Rd4 $5)
22... Bc8 23. Rhe1 Bf5 24. Qc3 Qb4 25. Qxb4 (25. Bxg7 Qa3+ 26. Kd2 O-O-O+ 27.
Ke2 Nd5) 25... axb4 26. Bxc7 (26. Kb2) 26... Kf8 27. Nd7+ $6 (27. Rd8+ Rxd8 28.
Bxd8 Nd5 $44) (27. Kb2 $5 Nd5 28. Be5 Nc3 29. Bxc3 bxc3+ 30. Kxc3 Rxa2 31. Rd2)
27... Kg8 28. Ne5 Rff8 29. g4 $2 (29. Bd6 Rxa2) (29. Kb2 $5 Nd5 30. Bd6) 29...
Bh7 30. Rd7 (30. Rd2 Nd5 31. Bd6 Rfd8 32. Bc5 Nc3) 30... Rxf2 31. Rxe7 Rfxa2
32. Kd1 Rg2 33. Ba5 Bc2+ 34. Kc1 Rxa5 35. Nf3 Bd3 0-1

[Event "Jakarta zt"]
[Site "Jakarta"]
[Date "1993.??.??"]
[Round "6"]
[White "Tu, Hoang Thong"]
[Black "Rodriguez, Ruben"]
[Result "1-0"]
[WhiteElo "2435"]
[BlackElo "2415"]
[Annotator "Horn,Pe"]
[PlyCount "81"]
[EventDate "1993.01.??"]
[EventType "swiss"]
[EventRounds "11"]
[EventCountry "INA"]
[SourceTitle "CBM 035"]
[Source "ChessBase"]
[SourceDate "1993.08.01"]
[SourceVersion "1"]
[SourceVersionDate "1993.08.01"]
[SourceQuality "1"]

1. b3 Nf6 2. Bb2 g6 3. Bxf6 exf6 4. e3 Bg7 (4... b6 5. Be2 Bb7 6. Bf3 Bxf3 (
6... d5 7. c4 $36) 7. Qxf3 Nc6 8. Nc3 Bg7 9. Nd5 $14 {Steinbacher-Bukal/BL/
89-90}) 5. d4 O-O (5... b6 $5 {/\ Bb7}) (5... f5) 6. g3 d6 (6... d5 {/\ f5,b6,
Bb7,c5}) 7. Bg2 c6 8. Ne2 f5 9. h4 (9. c4 Nd7 10. Nbc3 Nf6 11. O-O Bd7 $14 {
Kovacevic-Damljanovic/Vidmar-mem/1989}) 9... Nd7 10. Nd2 Nf6 11. O-O Re8 12. a4
a5 13. c3 h6 (13... Ng4 $5) (13... Ne4 $10) 14. Qc2 g5 15. hxg5 hxg5 16. Rfe1
Ng4 17. Nf1 $1 Qf6 18. Nh2 Qh6 (18... Nxh2 19. Kxh2 Bh6 $13) 19. Nxg4 fxg4 20.
b4 axb4 $6 (20... Qf6 {/\ Bf5}) (20... d5 {/\ Qf6,Bf5}) 21. cxb4 Bd7 22. b5 Bf6
$2 {ףh6} (22... Rec8 $14) 23. bxc6 bxc6 24. Reb1 (24. Bxc6 $2 Rac8) 24... Ra7
25. Rb6 Bd8 26. Rb8 Kg7 27. Rab1 d5 28. R1b7 Rxb7 29. Rxb7 Bc8 30. Rb2 (30. Ra7
$2 Bb6 31. Ra8 Bf5) 30... Rh8 $2 (30... Ba6 31. Qf5 Qe6 32. Qxe6 fxe6 33. Bf1
$16) 31. Qd3 f5 $2 32. Rb8 Qe6 33. Ra8 {/\ a5} Kf6 34. a5 Qd7 35. Qb3 Qc7 36.
a6 Qb6 37. Qxb6 Bxb6 38. Nc3 $18 Rd8 39. a7 Ke7 40. Na4 Bc7 41. Rb8 1-0

[Event "EU-Cup Cheliabinsk-Yerevan"]
[Site "Cheliabinsk"]
[Date "1991.??.??"]
[Round "2"]
[White "Minasian, Artashes"]
[Black "Shnaider, David"]
[Result "1-0"]
[WhiteElo "2510"]
[BlackElo "2340"]
[Annotator "Horn,Pe"]
[PlyCount "115"]
[EventDate "1991.??.??"]
[EventType "team"]
[EventRounds "2"]
[EventCountry "URS"]
[SourceTitle "CBM 026"]
[Source "ChessBase"]
[SourceDate "1992.02.01"]
[SourceVersion "1"]
[SourceVersionDate "1992.02.01"]
[SourceQuality "1"]

1. b3 e5 2. Bb2 Nc6 3. e3 g6 4. f4 d6 5. Nf3 Bg7 6. Bc4 $5 {><f7} (6. Bb5 Bd7
7. O-O Nge7 8. fxe5 dxe5 9. Ng5 O-O 10. Ba3 Na5 11. Be2 b6 $10 {Forintos-Hoen,
Skopje ol 1972}) 6... Nh6 7. fxe5 Nxe5 (7... dxe5 8. O-O O-O $13) 8. Nxe5 dxe5
9. O-O O-O 10. a4 (10. Ba3 Re8 {/\ Be6}) 10... Nf5 (10... Kh8 $4 11. Ba3 Re8
12. Bxf7 $18) (10... Re8 {/\ Be6} 11. e4 Be6) 11. Ba3 Nd6 $2 (11... Re8 12. Nc3
(12. Bxf7+ Kxf7 13. g4 Qg5 14. e4 Kg8 15. exf5 gxf5) 12... Be6 $13) 12. Nc3 $1
Nxc4 (12... Qe7 13. Nd5) (12... c6 13. Qf3) 13. Bxf8 Nxe3 14. dxe3 Qxf8 15. Qd2
Be6 16. Rad1 Bh6 17. Ne4 Bf5 (17... f5 18. Qc3) 18. Nf6+ Kg7 19. Nh5+ Kh8 20.
Qc3 Qe7 21. Rd5 Re8 22. Ng3 Bd7 23. e4 Bc6 24. Rd3 Bg5 25. Qc4 Rf8 26. b4 Be8 (
26... Bxa4 $4 27. b5 $18) 27. b5 c6 28. Kh1 Qc7 29. Rdf3 Kg7 30. Qc3 Be7 31. a5
f6 32. Rb1 b6 33. Nf1 Bc5 34. Ne3 cxb5 35. Nd5 Qd6 36. axb6 axb6 37. Rbf1 f5
38. Qd2 Bf7 39. Rh3 f4 40. Rd3 Qc6 41. Qc3 Re8 42. Rxf4 b4 43. Qb2 Bxd5 44.
exd5 Qd6 45. Re4 Rf8 46. Re1 Kg8 47. Rdd1 Rf5 48. Qa2 Bd4 49. Rf1 Kg7 50. Qa7+
Kf6 51. Qxh7 Qxd5 52. Qh8+ Kf7 53. Qc8 e4 54. Qc7+ Kf6 55. Qh7 e3 56. Rxf5+
gxf5 57. Rxd4 e2 58. Qh4+ 1-0

[Event "Budapest FS03 GM"]
[Site "Budapest"]
[Date "1993.??.??"]
[Round "8"]
[White "Sale, Srdjan"]
[Black "Lengyel, Bela"]
[Result "1-0"]
[WhiteElo "2350"]
[BlackElo "2350"]
[Annotator "Horn,Pe"]
[PlyCount "85"]
[EventDate "1993.03.??"]
[EventType "tourn"]
[EventRounds "11"]
[EventCountry "HUN"]
[EventCategory "8"]
[SourceTitle "CBM 037"]
[Source "ChessBase"]
[SourceDate "1993.12.01"]
[SourceVersion "1"]
[SourceVersionDate "1993.12.01"]
[SourceQuality "1"]

1. b3 e5 2. Bb2 Nc6 3. c4 Nf6 4. e3 d5 5. cxd5 Nxd5 6. a3 (6. Bb5 $6 Ndb4 $1)
6... Bd6 7. Qc2 O-O (7... Be6 8. Nf3 O-O 9. d3 (9. b4 $6 a6 10. Bc4 Bxb4 $1 $17
{Stein-Chandler/London/1985}) 9... Qe7 10. Nbd2 h6 11. Be2 Rae8 12. b4 a6 13.
O-O f5 14. Nc4 Bf7 $13 {Stein-Zsinka/Dortmund/1987}) 8. Nf3 Qe7 9. Nc3 (9. d3
f5 10. Be2 (10. Nbd2 Kh8 11. g3 Nf6 12. Bg2 Bd7 13. Nc4 $13 {Stein-Wegener/
BL8990}) 10... Kh8 11. Nbd2 Bd7 12. O-O (12. b4 b5 $1 13. Nb3 a5 $36 {
Stein-Neurohr/BL8990}) 12... Rae8 13. Nc4 (13. Qc4 $6 a6 14. Rfd1 (14. Qxd5 $4
Be6 $19) 14... e4 $1 15. dxe4 Nxe3 16. fxe3 fxe4 17. Nxe4 (17. Nd4 Bxh2+ 18.
Kxh2 Qh4+ 19. Kg1 Qf2+ 20. Kh2 Rf6 $19) 17... Qxe4 $17 {Cvetkovic-Marovic/
YU-ch/1971}) 13... Rf6 $13 {Stein-Brinck_Claussen/Kopenhagen/1987}) 9... Nxc3
10. Qxc3 f5 11. Bb5 e4 12. Bxc6 bxc6 13. Ne5 c5 14. O-O (14. b4 cxb4 15. axb4
Bb7 (15... Bxb4 $2 16. Nc6 Bxc3 17. Nxe7+ Kf7 18. Bxc3 Kxe7 19. Bb4+ $18) 16.
Ra4 a6 17. O-O f4 18. exf4 Rxf4 19. b5 $1 axb5 20. Rxa8+ Bxa8 21. Qb3+ Kh8 22.
Qxb5 Rf8 23. h3 $10 {Larsen-Spassky/Leiden/1970}) 14... Be6 (14... f4 $6 15.
Qc4+) (14... Kh8 $5) (14... Bb7 $5) 15. f4 $1 Rf6 $2 (15... exf3 $13) 16. b4
Bxe5 (16... cxb4 17. axb4 Bxb4 $2 18. Nc6 Bxc3 19. Nxe7+ Kf7 20. Bxc3 Kxe7 21.
Bxf6+ $18) 17. Qxe5 c4 (17... cxb4 18. Rfc1 $16) 18. Bd4 Qf7 $2 (18... Rf7 19.
b5 $16) (18... c6 $1 $14) 19. Qc5 Rh6 20. b5 Qh5 21. h3 Rg6 22. Rf2 Bf7 (22...
Qxh3 $2 23. Qc6 Rf8 24. Qxe6+ Rxe6 25. gxh3 $18) 23. Kf1 (23. Qxc7 $6 Qxh3 24.
Qc6 (24. Bxa7 $2 Qg3 25. b6 Rh6 26. b7 Qh2+ 27. Kf1 Qh1+ 28. Ke2 Bh5+) 24...
Rxc6 25. gxh3 $10) 23... a6 24. bxa6 Rgxa6 {P xa3} 25. Kg1 Rg6 $2 (25... c6 26.
Qe5 Qg6 27. g4 $1 fxg4 (27... Rxa3 28. Rxa3 Rxa3 29. Rg2 $16) 28. Rg2 $16) 26.
Qxc7 Qxh3 27. Rb1 $18 h6 28. Rb7 Rf8 29. Rb6 Qg4 30. Rxg6 Qxg6 31. a4 Bd5 32.
a5 Qf7 33. Qb6 Rc8 34. Rf1 Kh7 35. Rb1 c3 36. dxc3 Bc4 37. a6 Rg8 38. Qb7 Qg6
39. a7 Qe8 40. Ra1 Qa8 41. Qd7 Qd5 42. Qc7 Kg6 43. Ra5 1-0

[Event "Budapest FS03 GM"]
[Site "Budapest"]
[Date "1993.??.??"]
[Round "2"]
[White "Sale, Srdjan"]
[Black "Polgar, Sofia"]
[Result "1-0"]
[WhiteElo "2350"]
[BlackElo "2415"]
[Annotator "Horn,Pe"]
[PlyCount "67"]
[EventDate "1993.03.??"]
[EventType "tourn"]
[EventRounds "11"]
[EventCountry "HUN"]
[EventCategory "8"]
[SourceTitle "CBM 037"]
[Source "ChessBase"]
[SourceDate "1993.12.01"]
[SourceVersion "1"]
[SourceVersionDate "1993.12.01"]
[SourceQuality "1"]

1. b3 e5 2. Bb2 Nc6 3. c4 Nf6 4. e3 Be7 (4... d5 $5) 5. a3 {R.Fischer} a5 $146
(5... O-O 6. Qc2 (6. d3 d5 7. cxd5 Qxd5 8. Nc3 Qd6 9. Nf3 Bf5 10. Qc2 Rfd8 (
10... Rad8 $5) 11. Rd1 h6 12. h3 Qe6 13. Nd2 Nd7 14. Be2 {Fischer-Tukmakov/
Buenos Aires/1970} Qg6 $1 $13) 6... Re8 7. d3 Bf8 8. Nf3 a5 9. Be2 d5 10. cxd5
Nxd5 11. Nbd2 f6 12. O-O Be6 13. Kh1 $5 Qd7 14. Rg1 $36 {Fischer-Andersson/
Siegen/1970}) 6. Nf3 (6. Qc2 $5) 6... e4 $6 (6... d6 $10) 7. Nd4 Nxd4 8. Bxd4
b6 $1 {<->e4} 9. Qc2 Bb7 10. Nc3 O-O 11. Be2 Re8 12. O-O Bd6 $2 (12... c5 13.
Bxf6 Bxf6 14. Rad1 $13) (12... d6 $5) 13. f4 exf3 14. Bxf3 Bxf3 15. Rxf3 Ng4 $2
(15... Be5 $16) 16. Qf5 $1 (16. h3 Ne5) 16... Bxh2+ (16... Nxh2 $4 17. Qxf7+
Kh8 18. Qxg7#) (16... Ne5 17. Bxe5 Bxe5 18. Qxf7+ Kh8 19. d4 $16) 17. Kh1 Ne5 (
17... Nh6 18. Qh5 Bd6 19. Raf1 Rf8 20. Bf6 $40) 18. Rh3 g6 19. Qf1 Ng4 20. Rxh2
c5 (20... Nxh2 21. Kxh2 $18) 21. Rxh7 $1 (21. Qf4 cxd4 (21... Nxh2 22. Bf6 $18)
22. Qxg4 dxc3 $13) 21... Kxh7 22. Qxf7+ Kh6 23. Bg7+ Kh5 (23... Kg5 24. Qd5+
$18) 24. g3 Qe7 25. Qf1 g5 (25... Qxg7 26. Qh3+ Kg5 27. Qh4+ Kf5 28. Rf1+ Ke5
29. Qxg4 $40) 26. Qf5 Qe6 27. Qh7+ Nh6 28. Kg2 Qd6 29. Nd5 Re6 30. Bxh6 Kg4 (
30... Rxh6 31. Rh1+ Kg4 32. Qe4+ $18) 31. Nf6+ Rxf6 32. Qe4+ Rf4 $8 33. exf4
Qxd2+ 34. Kh1 1-0

[Event "Interzonal-16"]
[Site "Biel"]
[Date "1993.??.??"]
[Round "5"]
[White "Adams, Michael"]
[Black "Dvoirys, Semen I"]
[Result "1-0"]
[WhiteElo "2630"]
[BlackElo "2590"]
[Annotator "Horn,Pe"]
[PlyCount "201"]
[EventDate "1993.07.16"]
[EventType "swiss"]
[EventRounds "13"]
[EventCountry "SUI"]
[SourceTitle "CBM 037"]
[Source "ChessBase"]
[SourceDate "1993.12.01"]
[SourceVersion "1"]
[SourceVersionDate "1993.12.01"]
[SourceQuality "1"]

1. b3 e5 2. Bb2 Nc6 3. e3 Nf6 (3... d5) 4. c4 Be7 (4... d5) 5. Nc3 (5. a3 {
R.Fischer}) 5... O-O 6. Nf3 $146 (6. a3 $6) 6... Re8 (6... e4 $2 7. Ng5 $18) (
6... d5 $5 7. cxd5 Nxd5 8. Nxd5 (8. Bb5 $6 Ndb4) 8... Qxd5 9. Bc4 Qd6 $13) 7.
Nd5 (7. Be2 e4 $5) 7... Bf8 8. Be2 d6 9. O-O Nxd5 10. cxd5 Ne7 11. e4 Ng6 (
11... c6 $5 12. dxc6 Nxc6 13. Bc4 $13) 12. Bb5 (12. Rc1 Bd7 13. d4 exd4 14.
Qxd4 Nf4 $132) 12... Bd7 (12... Re7 $6 13. d4 $16) 13. Bxd7 Qxd7 14. Rc1 c6 15.
dxc6 bxc6 {/\ Nf4} 16. g3 d5 17. exd5 cxd5 18. d3 f6 19. Qe2 a5 20. a4 Rab8 21.
Nd2 Bb4 22. Bc3 Bxc3 (22... d4 23. Bxb4 axb4 {/\ Ne7-d5}) 23. Rxc3 Nf8 24. Rfc1
Ne6 25. Qd1 Rec8 (25... Nd4 26. Rc7 Qf5) 26. Rxc8+ Rxc8 27. Nf3 Qb7 (27... d4
28. Nd2) 28. Rxc8+ Qxc8 29. d4 $1 e4 (29... Nxd4 30. Nxd4 exd4 31. Qxd4 Qb7 $10
) 30. Nh4 g6 $2 (30... Qc3 $2 31. Nf5) (30... Ng5 $1 $17) 31. Ng2 Ng5 (31...
Qc3 32. Ne3 Nxd4 33. Nxd5 Nf3+ 34. Kg2 Qe5) 32. Nf4 Nf3+ 33. Kg2 Qc6 34. Ne2
Kf7 35. h4 g5 36. h5 Qc2 $2 (36... f5 $15) 37. Qxc2 Ne1+ 38. Kh3 Nxc2 39. g4
Ke6 40. f4 gxf4 (40... Na1 41. Nc1 Nc2 42. Ne2 Na1 $10) 41. Nxf4+ Kd6 $10 42.
Ne2 Ne1 (42... Na1 43. Nc1 Nc2 $10) 43. Kg3 Nd3 44. Kg2 Nb4 45. Kg3 Nc6 46. Kf4
Ke6 47. Ke3 (47. g5 fxg5+ 48. Kxg5) 47... Kf7 48. Ng3 Ne7 49. Kf4 Nc6 50. Ke3
Nb4 51. Kd2 Nd3 52. Nf5 Ke6 53. Ng7+ Kd7 54. Nf5 Nf2 55. Ne3 Kc6 56. Ke2 Nd3
57. Kd2 Nf4 58. Nf5 Kd7 59. Ne3 Ke6 60. Nc2 Nd3 61. Ne3 Nf4 62. Kd1 Nd3 63. Kd2
Nb4 (63... Nf4 $10) 64. Nf5 Nc6 65. Ke3 Nd8 $6 66. Kd2 Nf7 $2 67. Ke3 (67. Kc3
$1) 67... Kd7 68. Kd2 Nd6 69. Ne3 Ke6 70. Ng2 $1 (70. Kc3 f5 71. gxf5+ Nxf5 72.
Nxf5 Kxf5 73. b4 axb4+ 74. Kxb4 e3 75. Kc3 Ke4 76. a5 Kf3 77. a6 e2 $19) 70...
Nc8 71. Kc3 Na7 72. b4 axb4+ 73. Kxb4 Kd6 74. Nf4 Nc6+ 75. Kc3 Na5 76. Kd2 Nc6
77. Ke3 Nb4 78. Ne2 Nc6 79. Kf4 Ke6 80. h6 Kf7 81. Ke3 Ke6 (81... Kg6 82. Nf4+
Kxh6 83. Nxd5 Kg5 84. Kxe4 Kxg4 85. Nxf6+ $18) 82. Nf4+ Kd6 83. Ng6 $1 Nb4 84.
Kd2 (84. Nf8) 84... Nc6 85. Ke3 Nb4 86. Nf8 Nc2+ 87. Kf4 Nxd4 88. a5 Ke7 89.
Nxh7 Ne6+ 90. Ke3 Nc5 91. Ng5 Kf8 92. Kd4 Na6 93. Ne6+ Kg8 94. Kxd5 Nc7+ (94...
e3 95. Nf4 Kh7) 95. Kxe4 (95. Nxc7 e3 96. a6 e2 97. a7 e1=Q 98. a8=Q+) 95...
Nxe6 96. Kf5 Nc5 97. Kxf6 Nd7+ 98. Kf5 Kh7 99. g5 Nc5 100. Kf6 Nd7+ 101. Ke6
1-0

[Event "Interzonal-15"]
[Site "Manila"]
[Date "1990.??.??"]
[Round "11"]
[White "Piasetski, Leon David"]
[Black "Petursson, Margeir"]
[Result "0-1"]
[WhiteElo "2410"]
[BlackElo "2550"]
[Annotator "Horn,Pe"]
[PlyCount "102"]
[EventDate "1990.06.29"]
[EventType "swiss"]
[EventRounds "13"]
[EventCountry "PHI"]
[SourceTitle "CBM 019"]
[Source "ChessBase"]
[SourceDate "1990.12.01"]
[SourceVersion "1"]
[SourceVersionDate "1990.12.01"]
[SourceQuality "1"]

1. b3 e5 2. Bb2 Nc6 3. e3 d5 4. Bb5 Bd6 5. Nf3 Qe7 6. c4 Nf6 (6... a6 $6 {
Zeitverlust} 7. Bxc6+ bxc6 8. c5 Bxc5 9. Nxe5) 7. c5 Bxc5 8. Nxe5 O-O 9. Bxc6 (
9. Nxc6 bxc6 10. Be2 (10. Bxc6 Rb8 $44) 10... Bd6 11. d3) 9... bxc6 10. Qc2 (
10. Nxc6 Qd6 $44) 10... Bb7 (10... Ba6 $5) 11. O-O Rae8 12. h3 (12. d4 Bd6 13.
Nxc6 $2 Bxh2+ 14. Kxh2 Bxc6 15. Qxc6 Ng4+ 16. Kg3 (16. Kg1 Qh4 17. Qxc7 Re5)
16... Qg5 17. f4 Qh5 $40) (12. d3 $5) (12. f4 $5) 12... Ne4 13. d3 Ng5 14. Nd2
Bd6 15. Nef3 c5 16. Rfe1 f5 {S hat größeren Einfluß aufs Zentrum.} 17. Rac1 Ne6
18. Ba3 f4 19. e4 {/\ e5} Qf7 20. e5 Be7 21. d4 $2 (21. Nb1) 21... cxd4 22.
Bxe7 Qxe7 23. b4 Qxb4 $1 24. Rb1 Qc3 {die Pointe} 25. Qa4 Bc8 26. Rec1 Qd3 $19
27. Qc6 Rd8 28. Rb3 Qa6 29. Qxa6 Bxa6 30. Ra3 Bb5 31. Nb3 (31. Rxa7 c5) 31...
d3 32. Rxa7 Ra8 33. Rb7 c6 34. Nfd4 Nxd4 35. Nxd4 Ba4 36. Nb3 (36. Nxc6 d2)
36... Rfb8 37. Rxb8+ Rxb8 38. Rc3 Bxb3 39. axb3 d2 40. Rd3 Rxb3 41. Rxd2 Rc3
42. Ra2 Kf7 43. Ra7+ Ke6 44. Kf1 Rc2 45. Rxg7 d4 46. Rxh7 d3 47. Ke1 c5 48. Rc7
Kxe5 49. h4 Kd4 50. h5 c4 51. Ra7 Re2+ 0-1

[Event "URS-chT Republics 19th Group1"]
[Site "Azov"]
[Date "1991.??.??"]
[Round "4"]
[White "Minasian, Artashes"]
[Black "Nevednichy, Vladislav"]
[Result "1-0"]
[WhiteElo "2510"]
[BlackElo "2455"]
[Annotator "Horn,Pe"]
[PlyCount "58"]
[EventDate "1991.??.??"]
[EventType "team-tourn"]
[EventRounds "5"]
[EventCountry "URS"]
[SourceTitle "EXT 2020"]
[Source "ChessBase"]
[SourceDate "2019.10.17"]
[SourceVersion "1"]
[SourceVersionDate "2019.10.17"]
[SourceQuality "1"]
[WhiteTeam "Armenia"]
[BlackTeam "Moldova"]
[WhiteTeamCountry "ARM"]
[BlackTeamCountry "MDA"]

1. b3 e5 2. Bb2 d6 3. e3 f5 4. d4 e4 5. d5 Nf6 6. Nh3 {N} (6. Ne2 Be7 $13 {
Portorose 68030-Suetin, Dortmund 1990}) 6... Nbd7 (6... Be7 $5 {/\ 0-0}) 7. Nf4
Ne5 8. h4 g6 9. Qd2 Bg7 10. Nc3 Nfg4 $2 {verfrühter Angriff} 11. Be2 Bf6 12. h5
$1 g5 13. Ne6 {die Pointe von h5} Bxe6 14. dxe6 c6 (14... Qe7 $2 15. Nd5) 15.
f3 exf3 16. gxf3 Nh6 17. O-O-O d5 18. Kb1 Qe7 $6 (18... Qa5 19. Ne4 $1 Qxd2 20.
Nxf6+ Ke7 21. Rxd2 Kxf6 22. f4 $18) (18... Qc7) 19. Nxd5 $1 $18 cxd5 20. Qxd5
Qc7 (20... Rd8 21. Bb5+ Kf8 22. Qxd8+ Qxd8 23. Rxd8+ Bxd8 24. Bxe5 $18) (20...
Nc6 21. Bxf6 Qxf6 22. Qd7+ Kf8 23. Qxb7 $18) 21. Qb5+ Kf8 22. f4 gxf4 23. exf4
Neg4 24. Ba3+ Kg8 (24... Kg7 25. Rd7+ $18) 25. e7 Bxe7 (25... Qc3 26. e8=Q+
Rxe8 27. Qxe8+ Kg7 28. Rd7+ $18) 26. Rd7 Qxd7 27. Qxd7 Bxa3 28. Bc4+ Kf8 29.
Qxb7 Re8 1-0

[Event "Voskresensk"]
[Site "Voskresensk"]
[Date "1990.??.??"]
[Round "?"]
[White "Vasiukov, Evgeni"]
[Black "Zeitlein, Michael"]
[Result "1-0"]
[WhiteElo "2545"]
[BlackElo "2465"]
[Annotator "Horn,Pe"]
[PlyCount "45"]
[EventDate "1990.07.??"]
[EventType "tourn"]
[EventRounds "11"]
[EventCountry "URS"]
[EventCategory "9"]
[SourceTitle "CBM 019"]
[Source "ChessBase"]
[SourceDate "1990.12.01"]
[SourceVersion "1"]
[SourceVersionDate "1990.12.01"]
[SourceQuality "1"]

1. b3 d5 2. Bb2 Bg4 {eine gute Verteidigung} 3. d3 (3. h3 Bh5 4. d3 e6 $10 {
Nikolac-Kovacevic, Maribor 1980}) 3... Nc6 $5 (3... e6 $10) 4. h3 Bh5 5. g4 Bg6
6. Bg2 h5 (6... e5 $5 {sieht nach Nc6 sehr logisch aus}) 7. c4 e6 8. cxd5 exd5
9. Nc3 d4 (9... Nge7 $5) 10. Nb5 hxg4 $2 (10... a6 11. Bxc6+ (11. gxh5 axb5 12.
hxg6 fxg6 $13) 11... bxc6 12. Nxd4 hxg4 $13) 11. Qc1 $1 Nge7 12. Qf4 Rc8 13.
hxg4 {nun ist der Pd4 nicht mehr zu retten.} Rxh1 14. Bxh1 f6 15. Kf1 Qd7 16.
Nxd4 Ne5 17. Bxb7 Rb8 18. Be4 Nxg4 19. Rc1 Ne5 20. Ndf3 Nxf3 21. Bxf3 Kd8 22.
Be5 Ke8 23. Rxc7 1-0